[Event "Scarborough CC Winter op"]
[Site "Toronto CAN"]
[Date "2020.03.12"]
[Round "4.4"]
[White "Sharpe, Sam"]
[Black "Huang, Richard"]
[Result "0-1"]
[WhiteElo "1973"]
[BlackElo "1890"]
[PlyCount "78"]
[EventDate "2020.02.20"]
[EventType "swiss"]
[EventRounds "6"]
[EventCountry "CAN"]

1. Nf3 d5 2. d4 Nf6 3. c4 e6 4. Nc3 Be7 5. cxd5 exd5 6. Bg5 c6 7. Qc2 Nbd7 8.
e3 O-O 9. Bd3 a5 10. a4 Re8 11. O-O h6 12. Bh4 Nb6 13. b3 Be6 14. Ne5 Nfd7 15.
Bxe7 Qxe7 16. f4 Nxe5 17. dxe5 Qc5 18. Kh1 d4 19. exd4 Qxd4 20. f5 Bd5 21. Nxd5
Nxd5 22. f6 Qxe5 23. fxg7 Ne3 24. Qf2 Nxf1 25. Rxf1 Qxg7 26. Bc4 Re7 27. Qc5
Qe5 28. Qxe5 Rxe5 29. Rxf7 Kh8 30. h3 b5 31. axb5 cxb5 32. Bd3 Rd8 33. Bf1 a4
34. bxa4 bxa4 35. Bc4 Rd4 36. Rc7 a3 37. Bf7 Rf5 38. Ra7 Rd1+ 39. Kh2 Rxf7 0-1

[Event "Scarborough CC Winter op"]
[Site "Toronto CAN"]
[Date "2020.03.12"]
[Round "4.5"]
[White "Zhu, Ricky"]
[Black "Li, Adam"]
[Result "0-1"]
[WhiteElo "1730"]
[BlackElo "1750"]
[PlyCount "86"]
[EventDate "2020.02.20"]
[EventType "swiss"]
[EventRounds "6"]
[EventCountry "CAN"]

1. e4 c5 2. Nc3 Nc6 3. f4 g6 4. Nf3 Bg7 5. Bc4 Nf6 6. d3 a6 7. a4 e6 8. e5 Ng4
9. Ne4 O-O 10. Nxc5 Qa5+ 11. Nd2 Ne3 12. b4 Qxb4 13. Ba3 Nxd1 14. Bxb4 Nxb4 15.
Kxd1 d6 16. c3 dxc5 17. cxb4 cxb4 18. a5 Rd8 19. Rb1 Bf8 20. Ne4 Bd7 21. Nf6+
Kg7 22. g4 Be7 23. Ke2 Bxf6 24. exf6+ Kxf6 25. Rxb4 Bc6 26. Rf1 Bd5 27. Ra1 Bc6
28. Rf1 Rd7 29. Ke3 Rad8 30. Rc1 Rd6 31. Rc3 g5 32. Rb6 gxf4+ 33. Kxf4 Rd4+ 34.
Kg3 Bh1 35. Rb1 Bd5 36. Rf1+ Kg6 37. Rb3 Rxc4 38. dxc4 Bxc4 39. Rxf7 Kxf7 40.
Rxb7+ Kg6 41. h4 Rd3+ 42. Kf4 Rd4+ 43. Kf3 Bd5+ 0-1

[Event "Scarborough CC Winter op"]
[Site "Toronto CAN"]
[Date "2020.03.12"]
[Round "4.6"]
[White "Mendoza, Armand Jess"]
[Black "Wu, Benjamin"]
[Result "0-1"]
[WhiteElo "2026"]
[BlackElo "1865"]
[PlyCount "136"]
[EventDate "2020.02.20"]
[EventType "swiss"]
[EventRounds "6"]
[EventCountry "CAN"]

1. d4 d5 2. Nc3 Nf6 3. Bg5 h6 4. Bh4 Bf5 5. f3 Nbd7 6. e4 dxe4 7. g4 Bh7 8. Bg3
exf3 9. Qxf3 c6 10. O-O-O e6 11. Bd3 Bxd3 12. Rxd3 Nb6 13. h4 Bd6 14. Be5 Bxe5
15. dxe5 Nfd5 16. Ne4 Nc4 17. Nd6+ Nxd6 18. exd6 Qxd6 19. Nh3 O-O-O 20. c4 Qc5
21. Kb1 Nf6 22. Rc3 Qd4 23. Nf2 Qe5 24. Rhc1 Rd2 25. R3c2 Rxc2 26. Rxc2 Rd8 27.
a3 Rd4 28. Qc3 Ne4 29. Qb4 c5 30. Qa5 Nxf2 31. Rxf2 f6 32. Ka2 a6 33. Re2 Qc7
34. Qa4 Qc6 35. Qxc6+ bxc6 36. g5 hxg5 37. hxg5 Kd7 38. Kb3 e5 39. gxf6 gxf6
40. Rg2 e4 41. Kc3 Ke6 42. b4 Rd3+ 43. Kb2 cxb4 44. axb4 Kf5 45. Kc2 Kf4 46.
Rg6 Rd6 47. c5 Re6 48. Rh6 e3 49. Kd1 e2+ 50. Ke1 Ke3 51. Rh3+ Kd4 52. Ra3 Kc4
53. Ra4 Kb5 54. Ra5+ Kxb4 55. Rxa6 Kxc5 56. Ra5+ Kb4 57. Ra1 c5 58. Rb1+ Kc3
59. Rb8 c4 60. Rc8 Kb3 61. Rb8+ Kc2 62. Rb7 c3 63. Rb8 f5 64. Rf8 Re5 65. Rf7
Kc1 66. Rf6 c2 67. Rf7 Rb5 68. Rxf5 Rxf5 0-1

[Event "Scarborough CC Winter op U1800	"]
[Site "Toronto CAN"]
[Date "2020.02.27"]
[Round "2"]
[White "Armstrong, Robert J"]
[Black "Lin, Joey"]
[Result "1-0"]
[WhiteElo "1604"]
[BlackElo "1369"]
[PlyCount "85"]
[EventDate "2020.02.20"]
[EventType "swiss"]
[EventRounds "6"]
[EventCountry "CAN"]

1. d4 e6 2. c4 Nf6 3. Nf3 b6 4. e3 Bb7 5. Bd3 Be7 6. O-O O-O 7. Nc3 d5 8. cxd5
exd5 9. Qc2 Re8 10. a3 Bf8 11. b4 g6 12. Bb2 Bg7 13. b5 Nbd7 14. a4 Rc8 15. Qb3
h6 16. Rfc1 Ne4 17. Nxd5 Ndc5 18. dxc5 Bxd5 19. Bc4 Nxc5 20. Qa2 Bxc4 21. Rxc4
Bxb2 22. Qxb2 c6 23. h3 cxb5 24. axb5 Nd3 25. Qc3 Nc5 26. Rxa7 Ra8 27. Rxa8
Qxa8 28. Rh4 Ne4 29. Qb2 h5 30. Rf4 Qd5 31. Nd4 Nc5 32. Qc2 Ne6 33. Nxe6 Qxe6
34. Qb2 Rc8 35. Rf6 Rc1+ 36. Kh2 Qc8 37. Qe5 Rc5 38. Qe7 Rc7 39. Qd6 Qb8 40. g3
Rb7 41. Qd5 Qc8 42. Rxg6+ Kh7 43. Qxh5# 1-0

[Event "Scarborough CC Winter op U1800	"]
[Site "Toronto CAN"]
[Date "2020.03.05"]
[Round "3"]
[White "Zhong, Ryan Yunhui"]
[Black "Armstrong, Robert J"]
[Result "0-1"]
[WhiteElo "1352"]
[BlackElo "1604"]
[PlyCount "90"]
[EventDate "2020.02.20"]
[EventType "swiss"]
[EventRounds "6"]
[EventCountry "CAN"]

1. d4 f5 2. Nf3 Nf6 3. e3 e6 4. Bd3 Ne4 5. b3 Bb4+ 6. Nbd2 Nc3 7. Bb2 Nxd1 8.
Kxd1 Bxd2 9. Kxd2 O-O 10. Ke2 d5 11. Rag1 f4 12. h4 Qf6 13. Ba3 Rd8 14. g4 fxe3
15. fxe3 g6 16. g5 Qg7 17. h5 Bd7 18. Ne5 Be8 19. h6 Qh8 20. Rf1 Nd7 21. Nxd7
Bxd7 22. Be7 Rf8 23. Bf6 Rxf6 24. Rxf6 Rf8 25. Rhf1 Rxf6 26. Rxf6 Qxf6 27. gxf6
Kf7 28. Kf3 Kxf6 29. Kf4 Be8 30. Kg4 Bf7 31. c3 e5 32. dxe5+ Kxe5 33. Kg5 c5
34. Bb1 b5 35. a3 a5 36. b4 axb4 37. axb4 cxb4 38. cxb4 Be8 39. Bd3 d4 40.
exd4+ Kxd4 41. Kf6 Kxd3 42. Kg7 Bc6 43. Kxh7 Be4 44. Kg7 g5 45. Kf6 g4 0-1

[Event "Scarborough CC Winter op U1800	"]
[Site "Toronto CAN"]
[Date "2020.03.05"]
[Round "4"]
[White "Armstrong, Robert J"]
[Black "Granic, Luka"]
[Result "1-0"]
[WhiteElo "1604"]
[BlackElo "1421"]
[PlyCount "57"]
[EventDate "2020.02.20"]
[EventType "swiss"]
[EventRounds "6"]
[EventCountry "CAN"]

1. d4 d5 2. Nf3 Nc6 3. e3 Nf6 4. c4 e6 5. Bd3 Bd7 6. Nc3 Bb4 7. O-O O-O 8. Bd2
Re8 9. Ne5 b6 10. Rc1 dxc4 11. Bxc4 Bxc3 12. Bxc3 Ne4 13. Nxd7 Nxc3 14. Rxc3
Qxd7 15. Bb5 Qd6 16. Bxc6 Rab8 17. Bxe8 Rxe8 18. Qc2 Re7 19. Rc1 h6 20. Rxc7
Rxc7 21. Qxc7 Qb4 22. Qc3 Qa4 23. Qd3 f5 24. Qc4 Qxc4 25. Rxc4 b5 26. Rc7 g5
27. Rxa7 b4 28. Rb7 g4 29. Rxb4 1-0

[Event "Ste-Foy - Euwe"]
[Site "Ste-Foy CAN"]
[Date "2020.01.11"]
[Round "1"]
[White "Foucreault, Laurent"]
[Black "Auger, Bertrand"]
[Result "0-1"]
[WhiteElo "1516"]
[BlackElo "1910"]
[PlyCount "62"]
[EventDate "2020.01.11"]
[EventType "swiss"]
[EventRounds "5"]
[EventCountry "CAN"]

1. d4 Nf6 2. Bf4 b6 3. e3 Bb7 4. Nf3 g6 5. Nbd2 Bg7 6. Bd3 d6 7. O-O O-O 8. c3
c5 9. Qe2 Nbd7 10. h3 a6 11. Rfd1 b5 12. a3 Qb6 13. b4 c4 14. Bb1 Nd5 15. Rc1
e5 16. Bh2 Rfe8 17. dxe5 dxe5 18. e4 Nf4 19. Qe3 Qxe3 20. fxe3 Ne2+ 21. Kf1
Nxc1 22. Bc2 Nd3 23. Ke2 Rad8 24. g4 Nf6 25. Ne1 Nxe4 26. Nxe4 Bxe4 27. Rd1 Nf2
28. Rxd8 Rxd8 29. Kxf2 Bxc2 30. Nf3 Be4 31. Nxe5 Rd2+ 0-1

[Event "Ste-Foy - Euwe"]
[Site "Ste-Foy CAN"]
[Date "2020.01.11"]
[Round "1"]
[White "Michaud, Jacques"]
[Black "Dukic, Zachary"]
[Result "0-1"]
[WhiteElo "1528"]
[BlackElo "2367"]
[PlyCount "66"]
[EventDate "2020.01.11"]
[EventType "swiss"]
[EventRounds "5"]
[EventCountry "CAN"]

1. d4 Nf6 2. c4 g6 3. Nc3 Bg7 4. e4 d6 5. f3 O-O 6. Be3 c5 7. dxc5 dxc5 8. Qxd8
Rxd8 9. Bxc5 Nc6 10. Nd5 Nd7 11. Bxe7 Nxe7 12. Nxe7+ Kf8 13. Nd5 Bxb2 14. Rd1
Nc5 15. Ne2 Bg7 16. Nec3 Bd7 17. Be2 Rac8 18. O-O Re8 19. Rd2 Re6 20. Rfd1 Ra6
21. Nb5 Bh6 22. Rc2 Kg7 23. Kf1 Ra5 24. h3 Nxe4 25. fxe4 Bxb5 26. Rb2 Ba6 27.
Rd4 Kf8 28. Nb4 Bg7 29. Nxa6 Bxd4 30. Rxb7 Rxa6 31. c5 Rxa2 32. Bc4 Rf2+ 33.
Ke1 Rxc5 0-1

[Event "Ste-Foy - Euwe"]
[Site "Ste-Foy CAN"]
[Date "2020.01.11"]
[Round "1"]
[White "Sarra-Bournet, Marc"]
[Black "Darveau, Michel"]
[Result "1-0"]
[WhiteElo "1771"]
[BlackElo "1504"]
[PlyCount "82"]
[EventDate "2020.01.11"]
[EventType "swiss"]
[EventRounds "5"]
[EventCountry "CAN"]

1. e4 e5 2. Nf3 Nc6 3. Bb5 d6 4. d4 Bd7 5. O-O exd4 6. Bxc6 Bxc6 7. Qxd4 Nf6 8.
Nc3 Be7 9. Re1 O-O 10. Bg5 h6 11. Bh4 Nh7 12. Bxe7 Qxe7 13. Nd5 Qd8 14. Ne3 Ng5
15. Nxg5 Qxg5 16. Nf5 Bd7 17. h4 Qf6 18. Qxf6 gxf6 19. Nxh6+ Kg7 20. Nf5+ Kg6
21. Nd4 Rae8 22. f4 c5 23. Nf3 Bc6 24. Nd2 Rg8 25. Kf2 Kh5 26. g3 Rg4 27. Re3
d5 28. exd5 Rxe3 29. Kxe3 Bxd5 30. Kf2 Rg8 31. Nf1 Re8 32. Ne3 Be4 33. Rd1 f5
34. Rd2 Re6 35. Nc4 Ra6 36. a3 b5 37. Nd6 Bxc2 38. Nxb5 Be4 39. Nd6 f6 40. Nxe4
fxe4 41. Rd5+ f5 1-0

[Event "Ste-Foy - Euwe"]
[Site "Ste-Foy CAN"]
[Date "2020.01.11"]
[Round "1"]
[White "Sauve, Richard"]
[Black "Cote, Frederic"]
[Result "1-0"]
[WhiteElo "1937"]
[BlackElo "1546"]
[PlyCount "123"]
[EventDate "2020.01.11"]
[EventType "swiss"]
[EventRounds "5"]
[EventCountry "CAN"]

1. d4 Nf6 2. c4 g6 3. Nc3 d5 4. e3 Bg7 5. Nf3 O-O 6. cxd5 Nxd5 7. Bc4 Nxc3 8.
bxc3 c5 9. O-O Nd7 10. Qe2 e5 11. Bb2 e4 12. Nd2 Nf6 13. Nb3 Bg4 14. Qd2 cxd4
15. cxd4 Rc8 16. Rfc1 Bf3 17. gxf3 exf3 18. Qd1 b5 19. Bf1 Qd5 20. Nd2 Qg5+ 21.
Kh1 Ng4 22. Qxf3 Qh4 23. Qg3 Qxg3 24. hxg3 Nxf2+ 25. Kg2 Ng4 26. Kf3 h5 27. Bh3
Bh6 28. Bxg4 hxg4+ 29. Kf2 Rfe8 30. Rxc8 Rxc8 31. Rc1 Re8 32. Nf1 Re6 33. Rc7
Ra6 34. a3 Bf8 35. Rc3 b4 36. axb4 Ra2 37. Rb3 a6 38. Ke1 Ra4 39. Bc3 f5 40.
Kd2 Bd6 41. Kc2 Ra2+ 42. Bb2 Kf7 43. Ra3 Rxa3 44. Bxa3 a5 45. Kb3 axb4 46. Bxb4
Bb8 47. Kc4 g5 48. d5 f4 49. d6 Ke6 50. e4 Ke5 51. Kd3 fxg3 52. Nxg3 Ke6 53.
Nf5 Ba7 54. Be1 Bg1 55. Bg3 Bc5 56. Nd4+ Kd7 57. e5 Ba3 58. e6+ Ke8 59. Ke4 Bc1
60. Kf5 Be3 61. d7+ Kd8 62. Nc6# 1-0

[Event "Ste-Foy - Euwe"]
[Site "Ste-Foy CAN"]
[Date "2020.01.18"]
[Round "2"]
[White "Cummins, Paul"]
[Black "Fleury, Dominic"]
[Result "1-0"]
[WhiteElo "1664"]
[BlackElo "1491"]
[PlyCount "77"]
[EventDate "2020.01.11"]
[EventType "swiss"]
[EventRounds "5"]
[EventCountry "CAN"]

1. e4 e5 2. d4 exd4 3. Bc4 Nc6 4. Nf3 b6 5. Nxd4 Nf6 6. Nxc6 dxc6 7. Qxd8+ Kxd8
8. f3 Be6 9. Bxe6 fxe6 10. Be3 b5 11. Nd2 Bb4 12. c3 Ba5 13. O-O-O Ke7 14. h4
Bb6 15. Bf4 a5 16. h5 a4 17. Bg5 Kf7 18. c4 Nd7 19. Kb1 a3 20. b3 Ne5 21. cxb5
cxb5 22. Nf1 c5 23. Bf4 Bc7 24. Ne3 Rad8 25. Kc2 Ng4 26. fxg4 Bxf4 27. Rxd8
Rxd8 28. Rf1 e5 29. g3 Rd4 30. gxf4 Rxe4 31. fxe5+ Ke6 32. Kd3 Rd4+ 33. Ke2
Kxe5 34. Rf5+ Ke4 35. Rxc5 Rd3 36. Re5+ Kd4 37. Rd5+ Kc3 38. Rxd3+ Kb2 39. Rd2+
1-0

[Event "Ste-Foy - Euwe"]
[Site "Ste-Foy CAN"]
[Date "2020.01.18"]
[Round "2"]
[White "Fecteau, Martin"]
[Black "Turcotte, Roger"]
[Result "1-0"]
[WhiteElo "1874"]
[BlackElo "1400"]
[PlyCount "41"]
[EventDate "2020.01.11"]
[EventType "swiss"]
[EventRounds "5"]
[EventCountry "CAN"]

1. Nf3 d5 2. g3 Nf6 3. Bg2 e6 4. O-O c5 5. c4 Be7 6. cxd5 Nxd5 7. d3 O-O 8.
Nbd2 Nc6 9. Ne4 f6 10. Bd2 b6 11. a3 Bb7 12. Rc1 Rc8 13. Nc3 Qd7 14. Bh3 Kf7
15. Qa4 a6 16. Qg4 g6 17. Bh6 Rg8 18. Bg2 Rcd8 19. h4 e5 20. Ng5+ fxg5 21.
Bxd5+ 1-0

[Event "Ste-Foy - Euwe"]
[Site "Ste-Foy CAN"]
[Date "2020.01.18"]
[Round "2"]
[White "Jardine, Robert"]
[Black "Lescarbeau, Martin"]
[Result "0-1"]
[WhiteElo "1228"]
[BlackElo "1706"]
[PlyCount "70"]
[EventDate "2020.01.11"]
[EventType "swiss"]
[EventRounds "5"]
[EventCountry "CAN"]

1. Nf3 d6 2. d4 Nf6 3. Nc3 g6 4. e4 Bg7 5. Bc4 O-O 6. O-O c6 7. Re1 b5 8. Bb3
Bg4 9. a3 Nbd7 10. Be3 a6 11. Na2 c5 12. dxc5 dxc5 13. c4 Qc7 14. Nc3 bxc4 15.
Bxc4 Ne5 16. Be2 Rfd8 17. Bd2 Bxf3 18. gxf3 Nd3 19. Bxd3 Rxd3 20. Qe2 c4 21.
Be3 h6 22. Rad1 Rad8 23. Rxd3 cxd3 24. Qd2 Nh5 25. Qc1 Be5 26. Kg2 Bxh2 27. Rh1
Nf4+ 28. Kf1 d2 29. Bxd2 Qc4+ 30. Ke1 Nd3+ 31. Kd1 Nxc1 32. Rxh2 Nb3 33. Kc2
Rxd2+ 34. Kb1 Qd3+ 35. Ka2 Qc2 0-1

[Event "Ste-Foy - Euwe"]
[Site "Ste-Foy CAN"]
[Date "2020.01.18"]
[Round "2"]
[White "Theodorescu, Paul"]
[Black "Sauve, Richard"]
[Result "0-1"]
[WhiteElo "1637"]
[BlackElo "1937"]
[PlyCount "51"]
[EventDate "2020.01.11"]
[EventType "swiss"]
[EventRounds "5"]
[EventCountry "CAN"]

1. e4 e6 2. d4 d5 3. e5 c5 4. c3 Nc6 5. Nf3 Qb6 6. Bd3 cxd4 7. cxd4 Bd7 8. Nc3
Nxd4 9. Nxd4 Qxd4 10. O-O Ne7 11. Nb5 Qxe5 12. Re1 Qb8 13. Qf3 Bxb5 14. Bxb5+
Nc6 15. Qxd5 Qd6 16. Qf5 Qc5 17. Re5 Qxb5 18. Rxe6+ fxe6 19. Qxb5 O-O-O 20. Be3
Rd5 21. Qe2 Be7 22. h3 Bf6 23. Rc1 Kb8 24. Bf4+ e5 25. Bg3 Rhd8 26. Rc2 0-1

[Event "Ste-Foy - Euwe"]
[Site "Ste-Foy CAN"]
[Date "2020.01.18"]
[Round "2"]
[White "Tremblay, Charles"]
[Black "Sarra-Bournet, Marc"]
[Result "0-1"]
[WhiteElo "1549"]
[BlackElo "1771"]
[PlyCount "90"]
[EventDate "2020.01.11"]
[EventType "swiss"]
[EventRounds "5"]
[EventCountry "CAN"]

1. c4 e5 2. Nc3 Nf6 3. Nf3 Nc6 4. g3 Bb4 5. Bg2 O-O 6. O-O d6 7. d3 Bxc3 8.
bxc3 e4 9. Nd2 exd3 10. exd3 Bg4 11. Qa4 Be2 12. Re1 Bxd3 13. Bxc6 bxc6 14.
Qxc6 Bf5 15. Qf3 Qd7 16. Nb3 Rae8 17. Bg5 Be4 18. Qf4 Qh3 19. f3 Nh5 20. Qg4
Qxg4 21. fxg4 Nf6 22. Bxf6 gxf6 23. Re3 Re5 24. Rae1 Rfe8 25. Kf2 f5 26. Nd2
Kg7 27. Nxe4 fxe4 28. Rb1 Ra5 29. Rb2 Ra4 30. h3 Rxc4 31. Rb4 Rxb4 32. cxb4 d5
33. Rc3 Re7 34. Ke3 Kf6 35. Kd4 Rd7 36. Rc6+ Ke7 37. g5 Kd8 38. Rh6 Re7 39. Rc6
e3 40. Rc1 c6 41. Re1 Re4+ 42. Kd3 Rxb4 43. Rxe3 Ra4 44. h4 Ra3+ 45. Kd4 c5+
0-1

[Event "Ste-Foy - Euwe"]
[Site "Ste-Foy CAN"]
[Date "2020.01.25"]
[Round "3"]
[White "Chouinard, Etienne"]
[Black "Fecteau, Martin"]
[Result "1-0"]
[WhiteElo "1850"]
[BlackElo "1874"]
[PlyCount "115"]
[EventDate "2020.01.11"]
[EventType "swiss"]
[EventRounds "5"]
[EventCountry "CAN"]

1. e4 c5 2. f4 Nc6 3. Nf3 g6 4. c3 Bg7 5. Bc4 e6 6. O-O Nge7 7. e5 Na5 8. Bb3
d5 9. d4 b6 10. Be3 Ba6 11. Re1 Rc8 12. dxc5 bxc5 13. Ba4+ Kf8 14. Na3 Nf5 15.
Bf2 h5 16. b4 cxb4 17. cxb4 Nc4 18. Nxc4 Bxc4 19. Bxa7 Bh6 20. Bc5+ Kg7 21. g3
Kh7 22. Bc2 Bf8 23. Ng5+ Kg7 24. Bxf8+ Qxf8 25. Bxf5 gxf5 26. a3 Qe7 27. Qd4
Ra8 28. Reb1 Rhb8 29. Nf3 Rb5 30. Nd2 Be2 31. Kf2 Bg4 32. h4 Rab8 33. Nb3 Kg6
34. Nc5 Rc8 35. Rc1 Rbb8 36. a4 Qd8 37. Nd3 Qe8 38. Rxc8 Rxc8 39. Nc5 Qc6 40.
Ke3 Qb6 41. Rc1 Rc7 42. Nd3 Qb7 43. Rxc7 Qxc7 44. Nc5 Qc6 45. Kd2 Bf3 46. Kc3
Be2 47. b5 Qc7 48. Kb4 Kg7 49. a5 Bc4 50. Na4 Qb8 51. Qb6 Qc8 52. Nc5 Be2 53.
a6 d4 54. Qb7 Qf8 55. a7 d3 56. a8=Q Qxa8 57. Nxe6+ Kg6 58. Qxa8 1-0

[Event "Ste-Foy - Euwe"]
[Site "Ste-Foy CAN"]
[Date "2020.01.25"]
[Round "3"]
[White "Lescarbeau, Martin"]
[Black "Laflamme, Simon"]
[Result "0-1"]
[WhiteElo "1706"]
[BlackElo "2080"]
[PlyCount "68"]
[EventDate "2020.01.11"]
[EventType "swiss"]
[EventRounds "5"]
[EventCountry "CAN"]

1. d4 Nf6 2. c4 g6 3. Nf3 Bg7 4. g3 O-O 5. Bg2 d6 6. O-O Nc6 7. Nc3 a6 8. d5
Na5 9. Qd3 c5 10. e4 Rb8 11. Rb1 b5 12. b3 bxc4 13. bxc4 Rxb1 14. Nxb1 Qb6 15.
Nfd2 Ng4 16. h3 Ne5 17. Qe2 Nexc4 18. Nxc4 Nxc4 19. Qxc4 Qxb1 20. f4 Bd7 21.
Be3 Qb5 22. Qc2 Rb8 23. Rf2 Qb1+ 24. Kh2 Qxc2 25. Rxc2 Rb2 26. Rxb2 Bxb2 27.
Bf1 Bb5 28. Kg2 Ba3 29. Kf2 e6 30. g4 exd5 31. exd5 Kf8 32. Bd2 Bb2 33. Ba5 Ke7
34. g5 Bxf1 0-1

[Event "Ste-Foy - Euwe"]
[Site "Ste-Foy CAN"]
[Date "2020.01.25"]
[Round "3"]
[White "Michaud, Jacques"]
[Black "Oliver, Vance"]
[Result "1-0"]
[WhiteElo "1528"]
[BlackElo "1713"]
[PlyCount "63"]
[EventDate "2020.01.11"]
[EventType "swiss"]
[EventRounds "5"]
[EventCountry "CAN"]

1. g3 d5 2. Bg2 c5 3. Nf3 Nc6 4. d4 cxd4 5. Nxd4 e5 6. Nxc6 bxc6 7. O-O Nf6 8.
c4 Bb7 9. cxd5 cxd5 10. Nc3 e4 11. Qa4+ Qd7 12. Qxd7+ Nxd7 13. Rd1 Nb6 14. Be3
Rc8 15. Bxb6 axb6 16. Nxd5 Rc2 17. Bxe4 Rc6 18. Bg2 Ba6 19. Nb4 Rf6 20. Nxa6
Bd6 21. Rac1 O-O 22. Rc6 Be7 23. Rxf6 Bxf6 24. b3 g6 25. Nb4 Be7 26. Nd5 Bd8
27. Nb4 Re8 28. Nc6 Bf6 29. e3 Kg7 30. Rd7 Ra8 31. Bd5 Rf8 32. e4 1-0

[Event "Ste-Foy - Euwe"]
[Site "Ste-Foy CAN"]
[Date "2020.01.25"]
[Round "3"]
[White "Sauve, Richard"]
[Black "Sarra-Bournet, Marc"]
[Result "1/2-1/2"]
[WhiteElo "1937"]
[BlackElo "1771"]
[PlyCount "58"]
[EventDate "2020.01.11"]
[EventType "swiss"]
[EventRounds "5"]
[EventCountry "CAN"]

1. d4 d5 2. c4 e6 3. Nc3 Nf6 4. Bg5 Nbd7 5. e3 Be7 6. Nf3 O-O 7. Qc2 b6 8. cxd5
exd5 9. Be2 Bb7 10. O-O c5 11. Rac1 Rc8 12. Rfd1 cxd4 13. Nxd4 Ne4 14. Bxe7
Qxe7 15. Qa4 Nec5 16. Qa3 a6 17. b4 Ne4 18. Nxe4 dxe4 19. Nf5 Qe6 20. Nd6 Rxc1
21. Qxc1 Bd5 22. Qc7 Bxa2 23. Nc4 Nf6 24. Nxb6 Qb3 25. Rd8 Qxb4 26. Rxf8+ Qxf8
27. Bxa6 h6 28. h3 Be6 29. Bc8 Bxc8 1/2-1/2

[Event "Ste-Foy - Euwe"]
[Site "Ste-Foy CAN"]
[Date "2020.02.01"]
[Round "4"]
[White "Auger, Bertrand"]
[Black "Theodorescu, Paul"]
[Result "1-0"]
[WhiteElo "1910"]
[BlackElo "1637"]
[PlyCount "51"]
[EventDate "2020.01.11"]
[EventType "swiss"]
[EventRounds "5"]
[EventCountry "CAN"]

1. Nf3 d6 2. d4 Nf6 3. g3 Nbd7 4. Bg2 e5 5. dxe5 dxe5 6. O-O Be7 7. c4 c6 8.
Nc3 Qc7 9. Qc2 Nc5 10. b4 e4 11. Bf4 Bd6 12. Bxd6 Qxd6 13. bxc5 Qxc5 14. Nxe4
Nxe4 15. Qxe4+ Be6 16. Nd4 Qxc4 17. Rac1 Qxa2 18. Rc2 Qd5 19. Qe3 Qd6 20. Nf5
Qf8 21. Rd1 Rd8 22. Rcd2 Rxd2 23. Qxd2 f6 24. Qe3 Kf7 25. Nd6+ Kg6 26. Qxe6 1-0

[Event "Ste-Foy - Euwe"]
[Site "Ste-Foy CAN"]
[Date "2020.02.01"]
[Round "4"]
[White "Carrera, Ignacio"]
[Black "Michaud, Jacques"]
[Result "1-0"]
[WhiteElo "1901"]
[BlackElo "1528"]
[PlyCount "93"]
[EventDate "2020.01.11"]
[EventType "swiss"]
[EventRounds "5"]
[EventCountry "CAN"]

1. e4 d5 2. exd5 Qxd5 3. Nc3 Qa5 4. Bc4 Nf6 5. Nf3 Nc6 6. d3 Ne5 7. Nxe5 Qxe5+
8. Qe2 Qxe2+ 9. Kxe2 e5 10. Ne4 Be7 11. Re1 Nxe4 12. dxe4 O-O 13. Be3 Bd7 14.
Red1 Bc6 15. f3 Rfd8 16. Rxd8+ Rxd8 17. Rd1 Rxd1 18. Kxd1 b6 19. Ke2 Bd7 20. c3
Kf8 21. b4 Bd6 22. g4 Ke7 23. Bb3 c6 24. a4 f6 25. h4 h6 26. h5 Be6 27. Bxe6
Kxe6 28. Kd3 Kd7 29. Kc4 Bb8 30. b5 cxb5+ 31. Kxb5 Kc7 32. Bc1 Kd6 33. Ba3+ Ke6
34. Kc6 a5 35. Kxb6 Bd6 36. Bxd6 Kxd6 37. Kxa5 Kc5 38. Ka6 Kc6 39. a5 Kc7 40.
Kb5 Kb7 41. c4 Ka7 42. a6 Kb8 43. Kb6 f5 44. a7+ Ka8 45. c5 fxg4 46. c6 gxf3
47. c7 1-0

[Event "Ste-Foy - Euwe"]
[Site "Ste-Foy CAN"]
[Date "2020.02.01"]
[Round "4"]
[White "Fecteau, Martin"]
[Black "Chabot, Michelin"]
[Result "1-0"]
[WhiteElo "1874"]
[BlackElo "1567"]
[PlyCount "75"]
[EventDate "2020.01.11"]
[EventType "swiss"]
[EventRounds "5"]
[EventCountry "CAN"]

1. Nf3 b6 2. e4 Bb7 3. Bd3 Nf6 4. Qe2 g6 5. c3 Bg7 6. Bc2 Ba6 7. d3 O-O 8. O-O
d5 9. c4 e6 10. Nc3 c5 11. Bg5 h6 12. Bh4 Qd7 13. Ba4 Qc8 14. exd5 exd5 15.
Bxf6 Bxf6 16. Nxd5 Qd8 17. Rfe1 Bg7 18. Ne7+ Kh7 19. Nc6 Nxc6 20. Bxc6 Rb8 21.
Rad1 Bb7 22. Bxb7 Rxb7 23. Qc2 Rd7 24. Ne5 Rd6 25. Ng4 h5 26. Ne3 Bd4 27. Nd5
Re8 28. Re4 Re5 29. Rde1 Rdxd5 30. cxd5 Qxd5 31. Rxe5 Bxe5 32. Qe2 f6 33. b3
Qd6 34. g3 h4 35. Qe4 hxg3 36. hxg3 Qd4 37. Qxd4 cxd4 38. f4 1-0

[Event "Ste-Foy - Euwe"]
[Site "Ste-Foy CAN"]
[Date "2020.02.01"]
[Round "4"]
[White "Laflamme, Simon"]
[Black "Sauve, Richard"]
[Result "1-0"]
[WhiteElo "2080"]
[BlackElo "1937"]
[PlyCount "60"]
[EventDate "2020.01.11"]
[EventType "swiss"]
[EventRounds "5"]
[EventCountry "CAN"]

1. e4 e6 2. d4 d5 3. Nc3 Nf6 4. e5 Nfd7 5. Qg4 c5 6. Nb5 cxd4 7. Nf3 Nc6 8. Bf4
Qa5+ 9. Bd2 Qb6 10. Nd6+ Bxd6 11. Qxg7 Rf8 12. exd6 Qxb2 13. Rc1 Qa3 14. Ng5
Qxd6 15. Nxh7 Qe5+ 16. Qxe5 Ndxe5 17. Nxf8 Kxf8 18. Rb1 Nc4 19. Bh6+ Ke7 20.
Bd3 e5 21. f3 b6 22. h4 f5 23. Bg5+ Kf7 24. h5 Be6 25. h6 Nd6 26. h7 Rh8 27.
Rh6 Ne8 28. Bb5 Bd7 29. Bxc6 Bxc6 30. Rxc6 Rxh7 1-0

[Event "Ste-Foy - Euwe"]
[Site "Ste-Foy CAN"]
[Date "2020.02.01"]
[Round "4"]
[White "Sarra-Bournet, Marc"]
[Black "Chouinard, Etienne"]
[Result "0-1"]
[WhiteElo "1771"]
[BlackElo "1850"]
[PlyCount "112"]
[EventDate "2020.01.11"]
[EventType "swiss"]
[EventRounds "5"]
[EventCountry "CAN"]

1. e4 e5 2. Nf3 Nc6 3. Bb5 Nf6 4. O-O Bc5 5. d3 d6 6. c3 O-O 7. b4 Bb6 8. a4 a6
9. Bxc6 bxc6 10. h3 h6 11. c4 c5 12. a5 Ba7 13. b5 axb5 14. cxb5 Bd7 15. Na3
Qe8 16. Rb1 Rb8 17. Qa4 Nh5 18. Qc4 Be6 19. Qc3 f5 20. Bd2 fxe4 21. dxe4 Qg6
22. Rfe1 Rf4 23. Bxf4 Nxf4 24. Nh4 Qh5 25. Qg3 Ne2+ 26. Rxe2 Qxe2 27. Nf5 Bxf5
28. exf5 c4 29. f6 g5 30. h4 Kf7 31. hxg5 hxg5 32. Qf3 Qxf3 33. gxf3 d5 34. Rd1
Ke6 35. b6 cxb6 36. Nb5 Rb7 37. a6 Rd7 38. Rb1 Kxf6 39. Kf1 d4 40. Ke2 Ke6 41.
Na3 c3 42. Kd3 Rf7 43. Ke2 g4 44. fxg4 e4 45. Nb5 d3+ 46. Ke3 c2 47. Rf1 Ke5
48. Kd2 Rxf2+ 49. Rxf2 e3+ 50. Kxe3 c1=Q+ 51. Kxd3 Qd1+ 52. Ke3 Qb3+ 53. Kd2
Qb4+ 54. Ke3 Qe4+ 55. Kd2 Qxg4 56. Nxa7 Qd7+ 0-1

[Event "Ste-Foy - Euwe"]
[Site "Ste-Foy CAN"]
[Date "2020.02.08"]
[Round "5"]
[White "Carrera, Ignacio"]
[Black "Auger, Bertrand"]
[Result "1/2-1/2"]
[WhiteElo "1901"]
[BlackElo "1910"]
[PlyCount "90"]
[EventDate "2020.01.11"]
[EventType "swiss"]
[EventRounds "5"]
[EventCountry "CAN"]

1. e4 e6 2. d4 d5 3. exd5 exd5 4. Bd3 Nf6 5. Nf3 Be7 6. Bf4 O-O 7. O-O Re8 8.
Re1 Bg4 9. Nbd2 Nbd7 10. c3 Nf8 11. Qc2 Ng6 12. Bg3 Nh5 13. Ne5 Nxg3 14. hxg3
Nxe5 15. Bxh7+ Kh8 16. Rxe5 Bf6 17. Rxe8+ Qxe8 18. Bd3 g6 19. Nf1 Bg5 20. f4
Bf6 21. Kf2 c5 22. Ne3 Be6 23. f5 cxd4 24. Ng4 Bg5 25. fxe6 Qxe6 26. Qe2 dxc3
27. Qxe6 fxe6 28. bxc3 Rc8 29. Ke2 Rxc3 30. Ne5 Kg7 31. Nxg6 Rxd3 32. Kxd3 Kxg6
33. Rb1 b6 34. Re1 Kf6 35. Kd4 Ke7 36. g4 Bf6+ 37. Kd3 e5 38. Rf1 e4+ 39. Ke3
Ke6 40. Rf5 Bb2 41. Rh5 Bc1+ 42. Kd4 Bb2+ 43. Ke3 Bc1+ 44. Kd4 Bb2+ 45. Ke3
Bc1+ 1/2-1/2

[Event "Ste-Foy - Euwe"]
[Site "Ste-Foy CAN"]
[Date "2020.02.08"]
[Round "5"]
[White "Chouinard, Etienne"]
[Black "Laflamme, Simon"]
[Result "0-1"]
[WhiteElo "1850"]
[BlackElo "2080"]
[PlyCount "28"]
[EventDate "2020.01.11"]
[EventType "swiss"]
[EventRounds "5"]
[EventCountry "CAN"]

1. d4 Nf6 2. e3 g6 3. Bd3 Bg7 4. f4 O-O 5. Nf3 d6 6. O-O Nbd7 7. c3 e5 8. fxe5
dxe5 9. Nbd2 Re8 10. Qb3 Nc5 11. Qc4 Nxd3 12. Ng5 Qd5 13. Qxc7 Be6 14. e4 Qd7
0-1